Après le rapport de la Ciase (notice n° 1628071)
[ vue normale ]
| 000 -LEADER | |
|---|---|
| fixed length control field | 01420cam a2200217 4500500 |
| 005 - DATE AND TIME OF LATEST TRANSACTION | |
| control field | 20260111094130.0 |
| 041 ## - LANGUAGE CODE | |
| Language code of text/sound track or separate title | fre |
| 042 ## - AUTHENTICATION CODE | |
| Authentication code | dc |
| 100 10 - MAIN ENTRY--PERSONAL NAME | |
| Personal name | Cordier, Alain |
| Relator term | author |
| 245 00 - TITLE STATEMENT | |
| Title | Après le rapport de la Ciase |
| 260 ## - PUBLICATION, DISTRIBUTION, ETC. | |
| Date of publication, distribution, etc. | 2022.<br/> |
| 500 ## - GENERAL NOTE | |
| General note | 66 |
| 520 ## - SUMMARY, ETC. | |
| Summary, etc. | Le rapport de la Commission indépendante sur les abus sexuels dans l’Église constitue un jalon dans la manière dont est abordée la question des violences sexuelles. Alain Cordier et Antoine Garapon, membres de la commission, et sœur Véronique Margron, commanditaire du rapport, reviennent sur les principaux enseignements de ce travail, notamment sur les modalités d’écoute de la parole des victimes, et les pistes esquissées pour leur rendre justice. |
| 520 ## - SUMMARY, ETC. | |
| Summary, etc. | The report of the Independant commission of sexual abuse in the Church is a milestone in the way sexual abuse is approached. Two members of the commission and one of its religious sponsors discuss the main lessons from this work, in particular the way victims were listened to, and possible ways to ensure justice for them. |
| 700 10 - ADDED ENTRY--PERSONAL NAME | |
| Personal name | Garapon, Antoine |
| Relator term | author |
| 700 10 - ADDED ENTRY--PERSONAL NAME | |
| Personal name | Margron, Véronique |
| Relator term | author |
| 700 10 - ADDED ENTRY--PERSONAL NAME | |
| Personal name | Dujin, Anne |
| Relator term | author |
| 700 10 - ADDED ENTRY--PERSONAL NAME | |
| Personal name | Régnier, Quentin |
| Relator term | author |
| 786 0# - DATA SOURCE ENTRY | |
| Note | Esprit | Juillet-Août | 7 | 2022-07-01 | p. 83-93 | 0014-0759 |
| 856 41 - ELECTRONIC LOCATION AND ACCESS | |
| Uniform Resource Identifier | <a href="https://shs.cairn.info/revue-esprit-2022-7-page-83?lang=fr&redirect-ssocas=7080">https://shs.cairn.info/revue-esprit-2022-7-page-83?lang=fr&redirect-ssocas=7080</a> |
Pas d'exemplaire disponible.




Réseaux sociaux